00303nam a2200097 4500022001800000100001900018245011700037260002300154300000900177650001900186 a9789550022007 aRajendra,V.J.A a Sinhalen Demala Demalen Sinhala- සිංහ ෙලන් ෙදමළ ෙදම ෙළන් සිංහළ aColombobKSPc2014 a115p aTamil Language